Marketing management : analysis,planning,implementation and control

Bibliographic Details
Main Author: Kotler, Philip
Format: Book
Published: London : Prentice-Hall , 1994
Edition:8th edition
Subjects:

MARC

LEADER 00000cam a2200000 7i4500
001 0000002554
002 000002780
005 20000330.0
020 |a 0130980056 
090 0 0 |a 658.85   |b KOT 
100 1 |a Kotler, Philip 
245 1 0 |a Marketing management :   |b analysis,planning,implementation and control   |c Philip Kotler 
250 |a 8th edition 
260 |a London :   |b Prentice-Hall ,   |c 1994 
300 |a 801p. ;   |c 25cm. 
650 0 0 |a Marketing   |x Management 
999 |a 036264   |b BUKU   |c PINJAMAN   |e PERPUSTAKAAN KOMUNITI PETALING JAYA 
999 |a 036265   |b BUKU   |c PINJAMAN   |e PERPUSTAKAAN KOMUNITI PETALING JAYA